| 000 | 00764nam a22001577a 4500 | ||
|---|---|---|---|
| 003 | OSt | ||
| 005 | 20151207102519.0 | ||
| 008 | 151207b xxu||||| |||| 00| 0 eng d | ||
| 040 | _cRUA | ||
| 082 | _aFIS SET 2005 B177 Or.1 | ||
| 100 |
_94440 _aSET SOMSOPHEA; សិត សមសោភា |
||
| 245 | _aEvaluation on small-scale aquaculture of indigenous fish species in kampong thom and kampong cham provinces, ការវាយតំលៃការចិញ្ចឹមប្រភេទត្រីក្នុងស្រុកជាលក្ខណៈគ្រួសារ នៅក្នុងខេត្តកំពង់ធំ និង កំពង់ចាម | ||
| 260 |
_aPhnom Penh _bRUA _c2005 |
||
| 300 |
_aiv; 39p. _bill. _c29cm. |
||
| 942 |
_2ddc _cFIS |
||
| 999 |
_c4141 _d4141 |
||